000 00645nam a2200265Ia 4500
005 20260121171536.0
008 008 260114s9999 xx 000 0 eng d
020 _a9783030333621
037 _aEBOOK
040 _aCRL
040 _beng
040 _cCRL
041 _2eng
041 _aeng
084 _qCRL
100 _aRobert McLean, Grace Robinson, James A. Densley
_91077504
245 0 _aCounty Lines
260 _bSpringer
260 _bSpringer
260 _c2020
856 _uhttps://link.springer.com/openurl?genre=book&isbn=978-3-030-33362-1
942 _cEBOOK
999 _c1643235
_d1643235